[Event "XIII TCh-RUS 1st League"]
[Site "Sochi RUS"]
[Date "2006.04.26"]
[Round "7"]
[White "Rustemov,A"]
[Black "Maslak,K"]
[Result "1/2-1/2"]
[WhiteElo "2565"]
[BlackElo "2549"]
[EventDate "2006.04.20"]

1. d4 Nf6 2. Nf3 g6 3. c4 Bg7 4. g3 O-O 5. Bg2 d6 6. Nc3 Nc6 7. O-O Bf5 8.
Ne1 Qc8 9. e4 Bh3 10. f3 Bxg2 11. Kxg2 Na5 12. b3 c5 13. Nc2 cxd4 14. Nxd4
a6 15. Be3 Nc6 16. Rc1 Qd7 17. Rf2 Rac8 18. Rd2 Rfd8 19. Nde2 Ne5 20. Bb6
Re8 21. a4 h5 22. Be3 h4 23. Ng1 hxg3 24. hxg3 Qc6 25. Nh3 Ned7 26. Nf2 Nc5
27. b4 Ncd7 28. Nd5 b5 29. axb5 axb5 30. c5 dxc5 31. bxc5 Ne5 32. Nb6 Rb8
33. Nd3 Nxd3 34. Rxd3 b4 35. Rb1 Qb5 36. Qd2 Nh5 37. Rxb4 Qc6 38. g4 Nf6
39. Qd1 Bf8 40. Qa4 Qe6 41. g5 Nh5 42. c6 Qe5 43. Qd1 e6 44. Rc4 Qg3+ 45.
Kf1 Qh3+ 46. Ke1 Qh1+ 47. Kd2 Qh2+ 48. Kc1 Qe5 49. c7 Qa1+ 50. Kd2 Qa2+ 51.
Qc2 Qa5+ 52. Ke2 Rxb6 53. c8=Q Rxc8 54. Rxc8 Qb5 55. Kf2 Rb8 56. Rdd8 Rxc8
57. Rxc8 Kg7 58. Qc3+ e5 59. Bc5 Bxc5+ 60. Rxc5 Qb6 61. Qxe5+ Kh7 62. Qc7
Qb2+ 63. Ke3 Qb3+ 64. Rc3 Qa2 65. Qc4 Qa7+ 66. Qc5 Qa1 67. Rc1 Qb2 68. Rc2
Qb1 69. Kd2 Qb3 70. Qc3 Qb6 71. Qe3 Qa5+ 72. Kd1 Qa1+ 73. Rc1 Qa4+ 74. Rc2
Qa1+ 75. Ke2 Qe5 76. Qc5 Qh2+ 77. Kd3 Qg3 78. Rf2 Nf4+ 79. Kd2 Qg1 80. Qa7
Kg7 81. Qd4+ Kg8 82. Qd8+ Kh7 83. Re2 Nxe2 84. Kxe2 Qg2+ 85. Ke3 Qg1+ 86.
Ke2 1/2-1/2

[Event "XIII TCh-RUS 1st League"]
[Site "Sochi RUS"]
[Date "2006.04.26"]
[Round "7"]
[White "Kolesnikov,E"]
[Black "Bocharov,D"]
[Result "1/2-1/2"]
[WhiteElo "2381"]
[BlackElo "2559"]
[EventDate "2006.04.20"]

1. d4 d6 2. Nf3 Bg4 3. Nc3 Bxf3 4. exf3 d5 5. Bd3 g6 6. O-O Bg7 7. Re1 e6
8. Bf4 Ne7 9. Be5 Bxe5 10. dxe5 O-O 11. f4 c5 12. Nb5 c4 13. Bf1 Nbc6 14.
Nd6 Nc8 15. Nxc8 Rxc8 16. a4 a6 17. Ra3 b5 18. axb5 axb5 19. Rh3 Kg7 20.
Qg4 Nd4 21. Qd1 Nc6 22. Qd2 h5 23. Rg3 Ne7 24. Be2 Rh8 25. Ra1 Ra8 26. Rxa8
Qxa8 27. Ra3 Qb7 28. Qb4 Nf5 29. h3 Ra8 30. g4 hxg4 31. hxg4 Nd4 32. Bd1
Nc6 33. Qd6 Rxa3 34. bxa3 Ne7 35. c3 Qa7 36. Bc2 Nc8 37. Qd8 Qxa3 38. f5
exf5 39. gxf5 Qc1+ 40. Kg2 Qxc2 41. Qf6+ Kg8 42. Qd8+ Kg7 1/2-1/2

[Event "XIII TCh-RUS 1st League"]
[Site "Sochi RUS"]
[Date "2006.04.26"]
[Round "7"]
[White "Ovetchkin,R"]
[Black "Yurtaev,L"]
[Result "1-0"]
[WhiteElo "2548"]
[BlackElo "2519"]
[EventDate "2006.04.20"]

1. d4 Nf6 2. c4 g6 3. Nc3 Bg7 4. e4 d6 5. Nf3 O-O 6. h3 e5 7. d5 Na6 8. Bg5
h6 9. Be3 Nc5 10. Nd2 a5 11. g4 Bd7 12. Be2 c6 13. h4 a4 14. g5 hxg5 15.
hxg5 Nh7 16. Nf3 Qa5 17. Qd2 a3 18. b3 b5 19. dxc6 Bxc6 20. Rh4 b4 21. Nd5
Bxd5 22. Qxd5 Rfd8 23. Kd2 Nf8 24. Nh2 Qc7 25. Ng4 Qe7 26. Kc2 Nfe6 27.
Rah1 Nxg5 28. Nh6+ Bxh6 29. Rxh6 Nce6 30. Bg4 Nf8 31. f4 Ngh7 32. f5 g5 33.
Qd2 f6 34. Bh5 d5 35. exd5 Qd7 36. Bg6 Nxg6 37. Rxg6+ Kh8 38. Rxf6 Rac8 39.
Bxg5 Rg8 40. Re6 1-0

[Event "XIII TCh-RUS 1st League"]
[Site "Sochi RUS"]
[Date "2006.04.26"]
[Round "7"]
[White "Vokarev,S"]
[Black "Davidov,R"]
[Result "1/2-1/2"]
[WhiteElo "2489"]
[BlackElo "2267"]
[EventDate "2006.04.20"]

1. Nf3 c5 2. c4 g6 3. d4 cxd4 4. Nxd4 Bg7 5. e4 Nc6 6. Be3 Nf6 7. Nc3 d6 8.
Be2 O-O 9. O-O Bd7 10. Nc2 a5 11. Qd2 a4 12. f3 Qa5 13. Rab1 Rfc8 14. Rfd1
Nb4 15. Nd4 Nc6 16. Ndb5 Ne5 17. b4 axb3 18. axb3 Bxb5 19. Nxb5 Nc6 20. b4
Qd8 21. c5 dxc5 22. Qxd8+ Rxd8 23. Rxd8+ Nxd8 24. bxc5 Nd7 25. Nc7 Ra1 26.
Rxa1 Bxa1 27. Bb5 Nc6 28. Kf2 Kf8 29. Nd5 Ke8 30. Ke2 e6 31. Nb6 Nxb6 32.
cxb6 Kd7 33. Kd3 Kd6 34. f4 Bb2 35. e5+ Kd7 36. g4 Kd8 37. Ke4 Bc3 38. h4
Ne7 39. Bf2 Ba5 40. h5 Nc8 41. Bh4+ Ne7 42. Bf2 Nc8 43. f5 Bxb6 44. Bh4+
Ne7 45. fxe6 fxe6 46. Kf4 gxh5 47. gxh5 h6 48. Ke4 Bc5 1/2-1/2

[Event "XIII TCh-RUS 1st League"]
[Site "Sochi RUS"]
[Date "2006.04.26"]
[Round "7"]
[White "Nevostrujev,V"]
[Black "Tseshkovsky,V"]
[Result "1-0"]
[WhiteElo "2471"]
[BlackElo "2572"]
[EventDate "2006.04.20"]

1. e4 c5 2. Nf3 d6 3. d4 cxd4 4. Nxd4 Nf6 5. Nc3 Bd7 6. f3 e6 7. Be3 Nc6 8.
Qd2 d5 9. exd5 Nxd5 10. Nxd5 exd5 11. O-O-O Be7 12. Ne2 Rc8 13. Nc3 Be6 14.
Nxd5 O-O 15. Kb1 Re8 16. Bb5 Bf8 17. Bg5 f6 18. Bh4 Nb4 19. Nxb4 Qa5 20.
Bd7 Bxb4 21. Bxe6+ Rxe6 22. c3 Bf8 23. Rhe1 Rce8 24. Rxe6 Rxe6 25. Bf2 Rd6
26. Qc2 Qa6 27. Qb3+ Kh8 28. Bc5 1-0

[Event "XIII TCh-RUS 1st League"]
[Site "Sochi RUS"]
[Date "2006.04.26"]
[Round "7"]
[White "Bachin,V"]
[Black "Gutov,A"]
[Result "0-1"]
[WhiteElo "2490"]
[BlackElo "2417"]
[EventDate "2006.04.20"]

1. e4 e5 2. Nf3 Nc6 3. Nc3 Nf6 4. d4 exd4 5. Nxd4 Bb4 6. Nxc6 bxc6 7. Bd3
d5 8. exd5 cxd5 9. O-O O-O 10. Bg5 c6 11. Na4 h6 12. Bh4 Re8 13. c4 Bd6 14.
cxd5 cxd5 15. Rc1 Bf4 16. Rc5 Bd7 17. Nc3 Qb6 18. Rxd5 Nxd5 19. Nxd5 Qd6
20. Bb1 Be6 21. Nxf4 Qxf4 22. Bg3 Qc4 23. b3 Qc3 24. Bf4 Rad8 25. Qc1 Qxc1
26. Rxc1 Rc8 27. Rd1 Red8 28. Re1 a5 29. Be3 Rd6 30. h3 Rcd8 31. Bc2 f5 32.
Kh2 Kf7 33. h4 Kf6 34. a3 Rc6 35. Re2 Rb8 36. Bd4+ Kf7 37. h5 Rbc8 38. Bb1
Rc1 39. Rb2 Rd8 40. Be3 Rc3 41. Bc2 Kf6 42. b4 Rxa3 43. bxa5 Rd5 44. Bb6 f4
45. f3 Rd2 46. Bg6 Rxb2 47. Bd4+ Kg5 48. Bxb2 Rxa5 49. Bxg7 Bf5 50. Bc3 Ra8
51. Be5 Rg8 52. Bf7 Rf8 53. Bd5 Rd8 54. Bf7 Rd7 55. Bc4 Bd3 56. Bg8 Bb5 57.
Bb3 Rd2 58. Kg1 Be8 59. Bg8 Bxh5 60. Bh7 Rd5 61. Bb8 Rd1+ 62. Kh2 Bf7 63.
Be4 h5 64. Bc7 Be6 65. Ba5 h4 66. Bb4 Rd7 67. Ba5 Kh5 68. Bc3 Bc4 69. Be5
Kg5 70. Bc3 Bf1 71. Bb4 Ra7 72. Bd5 Rg7 73. Be6 Rb7 74. Ba5 Rb8 75. Bc7 Re8
76. Bd7 Rh8 77. Bg4 Bd3 78. Bd6 Rh7 79. Bb8 Bf5 80. Bxf5 Kxf5 81. Kh3 Rg7
82. Bd6 Rg3+ 83. Kh2 h3 84. gxh3 Rxf3 85. Bc5 Rg3 86. Bb6 Rg6 87. Bc5 Ke4
88. h4 Kf3 89. Kh3 Rg3+ 90. Kh2 Rg2+ 91. Kh3 Rg3+ 92. Kh2 Kg4 93. Bf2 Rd3
94. Kg2 Rd2 95. Kg1 Kf3 96. Bc5 Kg3 0-1

[Event "XIII TCh-RUS 1st League"]
[Site "Sochi RUS"]
[Date "2006.04.26"]
[Round "7"]
[White "Isupov,Vl"]
[Black "Rogovski,V"]
[Result "1/2-1/2"]
[WhiteElo "2421"]
[BlackElo "2476"]
[EventDate "2006.04.20"]

1. e4 c5 2. Nf3 Nc6 3. d4 cxd4 4. Nxd4 g6 5. c4 Bg7 6. Be3 Nf6 7. Nc3 Ng4
8. Qxg4 Nxd4 9. Qd1 Ne6 10. Rc1 d6 11. b4 b6 12. Qd2 Bb7 13. Be2 O-O
1/2-1/2

[Event "XIII TCh-RUS 1st League"]
[Site "Sochi RUS"]
[Date "2006.04.26"]
[Round "7"]
[White "Babiy,A"]
[Black "Shuraev,A"]
[Result "1/2-1/2"]
[WhiteElo "2474"]
[BlackElo "2390"]
[EventDate "2006.04.20"]

1. d4 d5 2. Nf3 e6 3. c4 c6 4. Qc2 Nd7 5. Nbd2 Ngf6 6. g3 Bd6 7. Bg2 O-O 8.
O-O Re8 9. e4 dxe4 10. Nxe4 Nxe4 11. Qxe4 e5 12. dxe5 Nxe5 13. Ng5 Ng6 14.
Qf3 Qc7 15. Bd2 h6 16. Ne4 Be5 17. Qb3 Bf5 18. Rfe1 Rad8 19. Bc3 Bxc3 20.
Qxc3 c5 21. Qf3 Qe5 22. Re2 Bxe4 23. Qxe4 Qxe4 24. Bxe4 b6 25. Rae1 Kf8 26.
f4 Ne7 27. a3 Ng8 28. b4 Nf6 29. bxc5 Nxe4 1/2-1/2

[Event "XIII TCh-RUS 1st League"]
[Site "Sochi RUS"]
[Date "2006.04.26"]
[Round "7"]
[White "Siuniakov,I"]
[Black "Batsanin,D"]
[Result "0-1"]
[WhiteElo "2305"]
[BlackElo "2441"]
[EventDate "2006.04.20"]

1. d4 d5 2. Nf3 Nf6 3. c4 dxc4 4. Nc3 e6 5. e3 c5 6. Bxc4 a6 7. a4 Nc6 8.
O-O Be7 9. Qe2 Qc7 10. h3 O-O 11. Rd1 Rd8 12. d5 exd5 13. Nxd5 Nxd5 14.
Bxd5 Nb4 15. e4 Nxd5 16. exd5 Bf5 17. Bg5 Bxg5 18. Nxg5 h6 19. Nf3 Qd6 20.
Qe5 Bc2 21. Rd2 Bg6 22. Qxd6 Rxd6 23. Ne5 Rad8 24. Rad1 Be4 25. Re1 Rxd5
26. Rxd5 Bxd5 27. Rd1 Kf8 28. Rc1 c4 29. a5 Be6 30. Nxc4 Rc8 31. b3 Rc5 32.
Rb1 Rb5 33. Nd6 Rb4 34. Rc1 Ke7 35. Nc8+ Kd8 36. Nb6 Rxb3 37. Rd1+ Ke7 38.
Rc1 Kd6 39. Rd1+ Kc6 40. Rc1+ Kb5 41. Ra1 Rb2 42. Na8 Ba2 43. Kh2 Kxa5 44.
Nc7 Kb4 45. Ne8 g6 46. Kg3 a5 47. Nd6 b5 48. Re1 a4 49. Re7 a3 50. Ra7 Bd5
51. f3 a2 52. Kf4 Bb3 0-1

[Event "XIII TCh-RUS 1st League"]
[Site "Sochi RUS"]
[Date "2006.04.26"]
[Round "7"]
[White "Smikovski,I"]
[Black "Zakhartsov,V"]
[Result "1/2-1/2"]
[WhiteElo "2549"]
[BlackElo "2547"]
[EventDate "2006.04.20"]

1. e4 c5 2. Nf3 d6 3. d4 cxd4 4. Nxd4 Nf6 5. Nc3 a6 6. Be3 e5 7. Nb3 Be6 8.
f3 h5 9. Qd2 Nbd7 10. Nd5 Bxd5 11. exd5 Qc7 12. c4 b6 13. Be2 g6 14. O-O
1/2-1/2

[Event "XIII TCh-RUS 1st League"]
[Site "Sochi RUS"]
[Date "2006.04.26"]
[Round "7"]
[White "Panarin,M"]
[Black "Sambuev,B"]
[Result "1-0"]
[WhiteElo "2491"]
[BlackElo "2489"]
[EventDate "2006.04.20"]

1. e4 e6 2. d4 d5 3. e5 c5 4. c3 Nc6 5. Nf3 Qb6 6. a3 Nh6 7. b4 cxd4 8.
cxd4 Nf5 9. Bb2 Be7 10. h4 a5 11. b5 a4 12. g4 Nh6 13. Rg1 Na5 14. Qxa4 Bd7
15. Nc3 Rc8 16. Bd3 Nc4 17. Bc1 f6 18. g5 Nf7 19. exf6 gxf6 20. g6 hxg6 21.
Bxg6 f5 22. Bg5 Bxg5 23. Rxg5 Rxh4 24. Qb4 Rh3 25. Bxf7+ Kxf7 26. Ke2 Qd6
27. Ne5+ Ke8 28. Rg8+ Ke7 29. Rg7+ Kf8 30. Rf7+ Ke8 31. Qxd6 Nxd6 32. Rxd7
Nc4 33. Rxb7 Nxe5 34. dxe5 Rhxc3 35. Rh1 Rc2+ 36. Kf3 R2c7 37. Rh8+ Kd7 38.
Rh7+ Kd8 39. Rh8+ Kd7 40. Rh7+ Kd8 41. Rhxc7 Rxc7 42. Rxc7 Kxc7 43. Ke3 Kb6
44. a4 1-0

[Event "XIII TCh-RUS 1st League"]
[Site "Sochi RUS"]
[Date "2006.04.26"]
[Round "7"]
[White "Obolenskikh,D"]
[Black "Pilavov,G"]
[Result "1-0"]
[WhiteElo "2458"]
[BlackElo "2550"]
[EventDate "2006.04.20"]

1. e4 c5 2. Nf3 d6 3. d4 cxd4 4. Nxd4 Nf6 5. f3 e5 6. Nb3 d5 7. Bg5 Be6 8.
Bxf6 gxf6 9. exd5 Qxd5 10. Qxd5 Bxd5 11. Nc3 Bb4 12. O-O-O Bc6 13. Nb5 Bxb5
14. Bxb5+ Ke7 15. c3 Bd6 16. Rhe1 a6 17. Ba4 b5 18. Nd4 bxa4 19. Nf5+ Ke6
20. Nxd6 Rd8 21. Nc4 Rxd1+ 22. Rxd1 Nd7 23. Rd6+ Ke7 24. Rxd7+ Kxd7 25.
Nb6+ Kc6 26. Nxa8 f5 27. Kd2 Kb7 28. h3 f6 29. g4 Kxa8 30. gxf5 Kb7 31. Kd3
Kc6 32. Kc4 Kd6 33. Kb4 Kd5 34. Kxa4 e4 35. fxe4+ Kxe4 36. c4 Kxf5 37. c5
Ke6 38. b4 Kd5 39. Kb3 a5 40. a3 1-0

[Event "XIII TCh-RUS 1st League"]
[Site "Sochi RUS"]
[Date "2006.04.26"]
[Round "7"]
[White "Khlian,E"]
[Black "Pushkarev,D"]
[Result "1/2-1/2"]
[WhiteElo "2474"]
[BlackElo "2337"]
[EventDate "2006.04.20"]

1. d4 Nf6 2. c4 g6 3. Nf3 Bg7 4. g3 O-O 5. Bg2 d6 6. O-O c5 7. Nc3 Nc6 8.
dxc5 dxc5 9. Bf4 Be6 10. Qa4 Nh5 11. Be3 Nd4 12. Rad1 Qb6 13. Nxd4 cxd4 14.
c5 Qxb2 15. Bxd4 Rad8 16. Rb1 Rxd4 17. Qxd4 Qxb1 18. Qxg7+ Kxg7 19. Rxb1
Rc8 20. c6 bxc6 21. Rb7 Nf6 22. Rxa7 Nd5 23. Na4 c5 24. Bxd5 Bxd5 25. Nb6
Rd8 26. a4 Bb3 27. Rc7 Rd1+ 28. Kg2 Ra1 29. e4 c4 30. Nxc4 Rc1 31. Rxe7
Rxc4 32. a5 Ra4 33. Re5 Bc2 34. f3 Ra2 35. Kh3 Bd1 36. Kg4 Ra3 37. Rd5
Bxf3+ 38. Kf4 Bg2 39. Ke5 Ra4 40. Kd6 Bxe4 41. Rc5 1/2-1/2

[Event "XIII TCh-RUS 1st League"]
[Site "Sochi RUS"]
[Date "2006.04.27"]
[Round "8"]
[White "Zakhartsov,V"]
[Black "Baklan,V"]
[Result "1/2-1/2"]
[WhiteElo "2547"]
[BlackElo "2606"]
[EventDate "2006.04.20"]

1. d4 Nf6 2. c4 e6 3. Nc3 Bb4 4. Qc2 O-O 5. a3 Bxc3+ 6. Qxc3 d6 7. Nf3 Nbd7
8. e3 b6 9. Be2 Bb7 10. O-O Ne4 11. Qc2 f5 12. b4 Ndf6 1/2-1/2

[Event "XIII TCh-RUS 1st League"]
[Site "Sochi RUS"]
[Date "2006.04.27"]
[Round "8"]
[White "Zontakh,A"]
[Black "Panarin,M"]
[Result "1/2-1/2"]
[WhiteElo "2553"]
[BlackElo "2491"]
[EventDate "2006.04.20"]

1. e4 c5 2. Nf3 d6 3. d4 cxd4 4. Nxd4 Nf6 5. Nc3 a6 6. Be3 e5 7. Nb3 Be6 8.
f3 Nbd7 9. g4 Nb6 10. g5 Nh5 11. Qd2 Be7 12. O-O-O O-O 13. Rg1 Qc7 14. Kb1
Rac8 15. h4 g6 16. Qf2 Bd8 17. Rg2 Nc4 18. Bxc4 Bxc4 19. Qd2 Be7 20. Nd5
Bxd5 21. Qxd5 b5 22. Nc1 Kh8 23. Nd3 f6 24. f4 exf4 25. Nxf4 Nxf4 26. Bxf4
fxg5 27. Bxg5 Bxg5 28. hxg5 Qc5 29. b3 Qxd5 30. Rxd5 Rc6 31. Rgd2 Re8 32.
Rxd6 Rxd6 33. Rxd6 Rxe4 34. Rxa6 Rg4 35. Ra5 Rxg5 36. a4 Rg1+ 37. Kb2 bxa4
38. b4 h5 39. b5 Rg4 40. Ka3 Rg1 41. c4 Rc1 42. Rxa4 h4 43. b6 Ra1+ 44. Kb4
Rb1+ 45. Kc5 Kg7 46. Kc6 g5 47. b7 Kf6 48. c5 h3 49. Ra1 Rb4 50. Kc7 g4 51.
Rh1 Ke5 52. c6 Kf4 53. b8=Q Rxb8 54. Kxb8 g3 55. c7 g2 56. Rd1 h2 57. c8=Q
g1=Q 58. Qc1+ 1/2-1/2

[Event "XIII TCh-RUS 1st League"]
[Site "Sochi RUS"]
[Date "2006.04.27"]
[Round "8"]
[White "Pilavov,G"]
[Black "Zimmerman,Y"]
[Result "1-0"]
[WhiteElo "2550"]
[BlackElo "2396"]
[EventDate "2006.04.20"]

1. e4 d6 2. d4 Nf6 3. Nc3 g6 4. f4 Bg7 5. Nf3 c5 6. dxc5 Qa5 7. Qd4 O-O 8.
cxd6 Nxe4 9. Qxe4 Bxc3+ 10. bxc3 Qxc3+ 11. Kf2 Qxa1 12. dxe7 Re8 13. Bc4
Qf6 14. Ba3 Nc6 15. Ng5 Bf5 16. Qd5 Rxe7 17. Bxe7 Nxe7 18. Qxf7+ Qxf7 19.
Bxf7+ Kg7 20. Re1 Nc6 21. Bd5 h6 22. Rb1 Nd8 23. Nf3 Rc8 24. Nd4 Kf6 25.
Rb2 b6 26. c4 Ne6 27. Nxf5 Kxf5 28. g3 Rc5 29. h4 Nc7 30. Rd2 b5 31. Rd4
Kf6 32. Ke3 a5 33. g4 b4 34. g5+ hxg5 35. hxg5+ Kg7 36. Be4 a4 37. Rd7+ Kf8
38. Bxg6 Ne6 39. Rf7+ Kg8 40. Rb7 Nxg5 41. fxg5 Rxg5 42. Be4 1-0

[Event "XIII TCh-RUS 1st League"]
[Site "Sochi RUS"]
[Date "2006.04.27"]
[Round "8"]
[White "Gladyszev,O"]
[Black "Papin,V"]
[Result "1/2-1/2"]
[WhiteElo "2430"]
[BlackElo "2388"]
[EventDate "2006.04.20"]

1. d4 d5 2. c4 c6 3. Nf3 e6 4. Qc2 Nf6 5. g3 Nbd7 6. Bg2 Be7 7. O-O O-O 8.
Nc3 dxc4 9. Rd1 b5 10. a4 b4 11. Ne4 Nxe4 12. Qxe4 Nc5 13. Qc2 Nb3 14. Rb1
Ba6 15. e3 Qc7 16. Bf1 Na5 17. e4 1/2-1/2

[Event "XIII TCh-RUS 1st League"]
[Site "Sochi RUS"]
[Date "2006.04.27"]
[Round "8"]
[White "Yudin,S"]
[Black "Ionov,S"]
[Result "1-0"]
[WhiteElo "2442"]
[BlackElo "2519"]
[EventDate "2006.04.20"]

1. e4 e5 2. Bc4 Nf6 3. d3 Nc6 4. Nc3 Na5 5. Bb3 Nxb3 6. axb3 d5 7. exd5
Nxd5 8. Qh5 Nxc3 9. Qxe5+ Be7 10. bxc3 O-O 11. Qh5 Re8 12. Ne2 Bd6 13. Bg5
f6 14. Be3 Re5 15. Qh4 Qe8 16. Ng3 Qc6 17. O-O Qxc3 18. Bd4 Qxc2 19. Bxe5
Bxe5 20. d4 Bd6 21. Ne4 Bf8 22. Rac1 Qxb3 23. Rxc7 Bf5 24. Qf4 Bg6 25. Nc5
Qd5 26. Rd7 Qc6 27. Qc7 Be8 28. Qxc6 bxc6 29. Rb7 Bf7 30. Rfb1 Bd5 31. Rb8
Rxb8 32. Rxb8 Kf7 33. Rb7+ Be7 34. Rxa7 g5 35. Na6 g4 36. Nb4 Be4 37. Rc7
Ke8 38. Nxc6 Bd6 39. Rc8+ Kd7 40. Na7 f5 41. Rc3 Be7 42. Nb5 Bc6 43. Na3
Bf6 44. Nc4 Ke6 45. Re3+ Kd5 46. Nb6+ Kd6 47. d5 1-0

[Event "XIII TCh-RUS 1st League"]
[Site "Sochi RUS"]
[Date "2006.04.27"]
[Round "8"]
[White "Pogromsky,M"]
[Black "Sivokho,S"]
[Result "1-0"]
[WhiteElo "2363"]
[BlackElo "2469"]
[EventDate "2006.04.20"]

1. Nf3 c5 2. c4 Nc6 3. Nc3 Nf6 4. e3 d5 5. d4 e6 6. cxd5 Nxd5 7. Bb5 Nxc3
8. bxc3 Bd7 9. O-O Be7 10. e4 O-O 11. Be3 Nxd4 12. Bxd7 Nxf3+ 13. gxf3 Qa5
14. Qb3 a6 15. Qxb7 Rab8 16. Qc6 Rb6 17. Qa4 Qxc3 18. Rab1 Rfb8 19. Rxb6
Rxb6 20. f4 Qd3 21. e5 Rb4 22. Qc6 Rb1 23. Rxb1 Qxb1+ 24. Kg2 Qg6+ 25. Kf1
Qd3+ 26. Ke1 g6 27. Qc8+ Kg7 28. Ba4 c4 29. Qb7 Bh4 30. Qb6 c3 31. Qd4 Qb1+
32. Qd1 Qxa2 33. Bc2 Be7 34. Ke2 a5 35. Kf3 Qc4 36. Qd3 Qc7 37. Qe4 Bb4 38.
Kg2 Qd8 39. h3 Qc7 40. Kh2 Qe7 41. Bb6 Qd7 42. Qd4 Qb5 43. Bd8 Kg8 44. Bf6
Qd5 45. Qxd5 exd5 46. Kg2 d4 47. e6 d3 48. Bxd3 fxe6 49. Bc2 Kf7 50. Be5
Ke7 51. Kf3 Kd7 52. Ba4+ Ke7 53. Ke4 Bc5 54. f3 Bb6 55. Bxc3 Kf7 56. Be5
Ke7 57. Kd3 Kf7 58. Kc4 Be3 59. Bc2 Bd2 60. Kb5 Bb4 61. Kc6 Ke7 62. Bc7 Bc3
63. Be5 Bb4 64. Kb5 Bd2 65. Kc4 Be3 66. Kd3 Bb6 67. Ke2 Kf7 68. Kf1 Be3 69.
Kg2 Bb6 70. Kg3 Bc5 71. Kg4 Bb4 72. Bb3 Be7 73. Bc7 h5+ 74. Kg3 Bb4 75. Be5
Bc5 76. Kg2 Bb6 77. Kf1 Bd8 78. Ke2 Bb6 79. Kd3 Bf2 80. Kc4 Bg3 81. Kb5 g5
82. Kxa5 Bxf4 83. Bxf4 gxf4 84. Kb4 Kf6 85. h4 e5 86. Bc2 1-0

[Event "XIII TCh-RUS 1st League"]
[Site "Sochi RUS"]
[Date "2006.04.27"]
[Round "8"]
[White "Lanin,A"]
[Black "Shestakov,D"]
[Result "1-0"]
[WhiteElo "2447"]
[BlackElo "2262"]
[EventDate "2006.04.20"]

1. e4 c6 2. d4 d5 3. Nd2 dxe4 4. Nxe4 Nd7 5. Nf3 Ngf6 6. Nxf6+ Nxf6 7. g3
Bf5 8. Bg2 e6 9. O-O Be7 10. Re1 O-O 11. c3 h6 12. Qe2 a5 13. Bf4 Re8 14.
Rad1 a4 15. a3 Nd5 16. Bc1 b5 17. Ne5 Qd6 18. Qf3 Rf8 19. Bf4 Nxf4 20. gxf4
Rac8 21. Nxc6 Bh4 22. Ne5 Bc2 23. Rd2 Bb3 24. Bf1 Rb8 25. Bd3 Bd8 26. Qe4
f5 27. Qc6 Qxc6 28. Nxc6 Rb6 29. Nxd8 Rxd8 30. Re5 Bd5 31. h4 Kf7 32. Rde2
Kf6 33. R2e3 g5 34. hxg5+ hxg5 35. fxg5+ Kxg5 36. Rg3+ Kf6 37. Bf1 Rf8 38.
Bg2 f4 39. Rg4 f3 40. Rf4+ Ke7 41. Rxf8 Kxf8 42. Bh3 Ke7 43. Kh2 Kd6 44.
Kg3 Rb8 45. Bg4 Rg8 46. Kf4 Rg6 47. Rh5 Rg7 48. Rh4 Rg6 49. Ke3 Rf6 50. Rh5
Rf7 51. Rh3 Rg7 52. Bxf3 Rg1 53. Bxd5 Kxd5 54. Rh5+ Kc6 55. f4 Rb1 56. Rh2
Kd5 57. Kd3 Rd1+ 58. Kc2 Rf1 59. Rh5+ Kc6 60. Rc5+ Kb6 61. Re5 Rf2+ 62. Kb1
Rxf4 63. Rxe6+ Ka5 64. Re2 Rf1+ 65. Kc2 Ra1 66. Kd3 Kb6 67. Ke4 Kc6 68. Kf5
Kd5 69. Re5+ Kc6 70. Ke6 Rb1 71. d5+ Kc5 72. Ke7 Rd1 73. d6+ Kc6 74. Re6
Rd3 75. Ke8 Rxd6 76. Rxd6+ Kxd6 77. Kd8 Kc6 78. Kc8 Kb6 79. Kd7 Kb7 80. Kd6
Kb6 81. Kd5 Ka5 82. Kc5 Ka6 83. c4 Ka5 84. Kd5 b4 85. Kc6 bxa3 86. bxa3 Ka6
87. c5 Ka5 88. Kd6 Kb5 89. c6 1-0

[Event "XIII TCh-RUS 1st League"]
[Site "Sochi RUS"]
[Date "2006.04.27"]
[Round "8"]
[White "Smirnov,Arte"]
[Black "Ogloblin,N"]
[Result "1/2-1/2"]
[WhiteElo "2392"]
[BlackElo "2415"]
[EventDate "2006.04.20"]

1. d4 Nf6 2. c4 e6 3. Nf3 b6 4. Nc3 Bb4 5. Bg5 Bb7 6. Nd2 h6 7. Bh4 Bxc3 8.
bxc3 d6 9. f3 Nbd7 10. e4 e5 11. Bd3 c5 12. d5 Nf8 13. Bf2 Ng6 14. g3 Bc8
15. Nf1 Bh3 16. Ne3 Nh7 17. Nf5 O-O 18. Be3 Qf6 19. Qc2 Ng5 20. O-O-O Rae8
21. Bf1 Bxf5 22. exf5 Ne7 23. Bd3 Nxf3 24. Be4 Nd4 25. cxd4 cxd4 26. Bd2 b5
27. Kb1 Rc8 28. g4 Qh4 29. h3 Qg3 30. c5 Rxc5 31. Qb3 Qxb3+ 32. axb3 Nxd5
33. Bxd5 Rxd5 34. b4 Rc8 35. Rhe1 Rc4 36. Kb2 d3 37. Re3 Kf8 38. Bc3 Ke7
39. Rexd3 Rxd3 40. Rxd3 h5 41. Rg3 Kf6 42. gxh5 d5 43. Rg4 Rc8 44. Bd2 Rh8
45. Rg5 d4 46. h4 Rc8 47. Rg4 a6 48. Kb3 Rh8 49. Rg5 e4 50. Bc1 Ke5 51. Bb2
f6 52. Rxg7 Rxh5 53. Rd7 Rxh4 54. Bxd4+ Kxf5 55. Rd6 Rh3+ 56. Bc3 Kg5 57.
Kc2 f5 58. Rxa6 f4 59. Rb6 Rh2+ 60. Kd1 Kg4 61. Rxb5 f3 62. Bd4 Rh1+ 63.
Kc2 Rh2+ 64. Kd1 Rh1+ 65. Kc2 Rh2+ 66. Kc3 f2 67. Bxf2 Rxf2 68. Rb8 Rf7 69.
Kd2 Kf3 70. Ra8 Kf2 71. Re8 Rd7+ 72. Kc2 e3 73. Rf8+ Ke2 74. Re8 Kf2 75.
Rf8+ Ke1 76. Re8 e2 77. b5 Rd5 78. b6 Rb5 79. Re6 Kf2 80. Rf6+ Ke3 81. Re6+
Kf2 82. Rf6+ Ke1 83. Re6 Rb4 84. Kc3 Rb1 85. Kc4 Kd2 86. Kc5 Rb3 87. Rxe2+
Kxe2 88. Kc6 1/2-1/2

[Event "XIII TCh-RUS 1st League"]
[Site "Sochi RUS"]
[Date "2006.04.27"]
[Round "8"]
[White "Smikovski,I"]
[Black "Vorobiov,E"]
[Result "1/2-1/2"]
[WhiteElo "2549"]
[BlackElo "2540"]
[EventDate "2006.04.20"]

1. e4 c5 2. Nf3 d6 3. d4 cxd4 4. Nxd4 Nf6 5. Nc3 a6 6. Be2 e6 7. O-O Be7 8.
f4 O-O 9. a4 Nc6 10. Be3 Qc7 11. Kh1 Re8 12. Bg1 Bd7 13. Nb3 b6 14. Bf3 Nb4
15. Qe2 Bc6 16. Nd1 Bb7 17. c3 Nc6 18. Ne3 Nd7 19. Rfd1 Bf8 20. h3 Rac8 21.
Bh2 Na5 22. Nd2 Nc6 23. Ndc4 Na5 24. Nd2 Nc6 25. Ndc4 Na5 1/2-1/2

[Event "XIII TCh-RUS 1st League"]
[Site "Sochi RUS"]
[Date "2006.04.27"]
[Round "8"]
[White "Evdokimov,Alexa"]
[Black "Sambuev,B"]
[Result "1-0"]
[WhiteElo "2486"]
[BlackElo "2489"]
[EventDate "2006.04.20"]

1. d4 d5 2. c4 c6 3. Nf3 e6 4. e3 f5 5. Bd3 Nf6 6. O-O Bd6 7. b3 Qe7 8. Bb2
O-O 9. Qc1 b6 10. Ba3 Bb7 11. Bxd6 Qxd6 12. Qa3 c5 13. cxd5 Nxd5 14. dxc5
bxc5 15. Rd1 f4 16. Bxh7+ Kxh7 17. e4 Nc6 18. Nc3 Ne5 19. Ng5+ Kh8 20. h4
Ng6 21. Nf3 Qe7 22. exd5 Nxh4 23. Nxh4 Qxh4 24. Qxc5 Rac8 25. Qd4 Rf6 26.
Rd3 Rg6 27. Ne2 Rf8 28. Rg3 Rg5 29. Rxg5 Qxg5 30. Nc3 Rf5 31. Re1 Bxd5 32.
Nxd5 Rxd5 33. Qe4 Rd6 34. Qa8+ Kh7 35. Qxa7 f3 36. g3 Qf5 37. Qe3 Rd3 38.
Qxe6 Qxe6 39. Rxe6 Rd1+ 40. Kh2 Rd2 41. g4 Rxf2+ 42. Kg3 Rxa2 43. Kxf3 Rb2
44. Rb6 Rb1 45. Kf4 Rf1+ 46. Kg5 Rf3 47. b4 Rb3 48. Kf4 Rb1 49. g5 Rf1+ 50.
Ke4 Rg1 51. g6+ Kh6 52. Kd4 Kg5 53. Rc6 Kf5 54. b5 Rd1+ 55. Kc5 Ke5 56. Kb6
Rd7 57. Rc5+ Kd6 58. Rc1 Ke5 59. Ka6 Rd2 60. b6 Ra2+ 61. Kb7 Rg2 62. Kc7
1-0

[Event "XIII TCh-RUS 1st League"]
[Site "Sochi RUS"]
[Date "2006.04.27"]
[Round "8"]
[White "Slizhevsky,A"]
[Black "Kovchan,A"]
[Result "1-0"]
[WhiteElo "2435"]
[BlackElo "2499"]
[EventDate "2006.04.20"]

1. e4 c5 2. Nf3 d6 3. d4 cxd4 4. Nxd4 Nf6 5. Nc3 a6 6. Bg5 e6 7. f4 Nc6 8.
e5 h6 9. Bh4 g5 10. Bg3 Nd5 11. Nxd5 exd5 12. Nxc6 bxc6 13. Qe2 dxe5 14.
Qxe5+ Qe7 15. Qxe7+ Bxe7 16. O-O-O gxf4 17. Bxf4 Bg5 18. Bd2 Bg4 19. Be2
Be6 20. Bh5 Ke7 21. Rhf1 c5 22. Kb1 Rhg8 23. Be1 Bf6 24. Bg3 Rxg3 25. hxg3
Rb8 26. b3 Rg8 27. Rf4 Rxg3 28. Bf3 d4 29. Re1 Bg5 30. Rg4 Rxg4 31. Bxg4
Kf6 32. Bxe6 fxe6 33. c4 Bd2 34. Rf1+ Ke7 35. Kc2 Bg5 36. Kd3 a5 37. a3 Be3
38. b4 cxb4 39. axb4 axb4 40. Rb1 Kd6 41. Rxb4 Kc6 42. Rb5 Bf2 43. Ra5 Kd6
44. Rh5 Be3 45. c5+ Kc6 46. Kc4 d3 47. Kxd3 Bxc5 48. Rxh6 Kd5 49. Rh8 Ba3
50. Rh5+ Kd6 51. Ra5 Bb2 52. Ra2 Bc1 53. Ke4 Bh6 54. Ra7 Bc1 55. Rg7 Bd2
56. Rb7 Bh6 57. Rb6+ Ke7 58. Ke5 Bg7+ 59. Kf4 Kf6 60. Kg4 Bh6 61. Kh5 Be3
62. Rb3 Bd4 63. g4 e5 64. Rd3 Bb2 65. Rd6+ Ke7 66. Ra6 Kf7 67. Kg5 1-0

[Event "XIII TCh-RUS 1st League"]
[Site "Sochi RUS"]
[Date "2006.04.27"]
[Round "8"]
[White "Obolenskikh,D"]
[Black "Lushenkov,M"]
[Result "0-1"]
[WhiteElo "2458"]
[BlackElo "2368"]
[EventDate "2006.04.20"]

1. e4 e6 2. d4 d5 3. Nd2 Nf6 4. e5 Nfd7 5. f4 c5 6. c3 Nc6 7. Ndf3 Qb6 8.
g3 cxd4 9. cxd4 Be7 10. Ne2 f6 11. Bh3 O-O 12. exf6 Nxf6 13. O-O Ne4 14.
Nc3 Bf6 15. Kh1 Qb4 16. Qe1 Bxd4 17. a3 Bxc3 18. bxc3 Qxc3 19. Bd2 Nxd2 20.
Nxd2 e5 21. Rf3 Qd4 22. Bg2 e4 23. Rb3 Qf6 24. Rc1 Qf7 25. Rb5 Bf5 26. Nb3
Rac8 27. Rd1 Rfd8 28. Nd4 Bg4 29. Rd2 Qf6 30. Nb3 Qf7 31. h3 Be6 32. Nd4
Nxd4 33. Rxd4 Rd7 34. Rb2 Rdc7 35. Qf2 b6 36. g4 Qf6 37. f5 Rc1+ 0-1